00550nam a22001817a 450000500170000001000150001702000270003203500140005903700090007308200140008210000200009624500760011625000060019226000450019827000570024330000200030050000480032020241010165638.0 aENG-142084 a9788186772805c1100.00 aEN-125616 bDBAD a342.5621 aSahoo, Jitendra aIndia's Constitutional Development Since the 1950's/cBy Jitendra Sahoo a1 aNew DelhibNew Academic Publishersc2015 a4760-61/23, Ansari Road DaryaganjbNew Delhie110002 a220p.c22cm(Hb) aIts Socio-Political and Economic Dimensions